| 000 | 01048nam a2200241Ia 4500 | ||
|---|---|---|---|
| 008 | 0000002008 pn ad 0000000000spa00 | ||
| 090 | _aPUN00 S12a | ||
| 100 | 1 | _aSaenger, Lino von | |
| 245 | 1 | 0 |
_aAndriy Halashyn _c/ texto Lino Von Saenger |
| 300 |
_a[12] p. _c/ 20 cm. |
||
| 500 | _aExposición realizada en : Arteamericas, Miami, marzo, 2008; Galeria Arteconsult, Panamá, junio, 2008 \ Incluye cronología del artista \ Proyecto Ganador Programa Apoyos Concertados FGAA 2010 | ||
| 501 | _aUtopias parciales / Lino von Saenger | ||
| 505 | _aBaby garbage Queen's garbage Garducale Kawakubo's II de Jacobs PzKpfw miX Middle east happiness Garbage di Venezia 2 | ||
| 600 | 0 | 0 |
_aHALASHYN, ANDRIY, 1979/ _xTRABAJOS PICTORICOS |
| 650 | 1 | 4 | _aARTE CONTEMPORANEO UCRANIANO |
| 650 | 1 | 4 | _aARTISTAS PLASTICOS UCRANIANOS |
| 650 | 1 | 4 | _xCATALOGOS |
| 650 | 1 | 4 | _xEXPOSICIONES |
| 650 | 1 | 4 | _aPINTORES UCRANIANOS |
| 650 | 1 | 4 | _aPINTURA AL OLEO |
| 650 | 1 | 4 | _aPINTURA UCRANIANA |
| 999 |
_c12165 _d12165 |
||
| 260 |
_aPanamá : Galería Arteconsult _c2008 |
||